[Event "BAN-chT Premier"]
[Site "Dhaka"]
[Date "2022.12.09"]
[Round "10.1"]
[White "Md Jamal, Uddin"]
[Black "Idani, Pouya"]
[Result "0-1"]
[WhiteElo "2092"]
[BlackElo "2631"]
[PlyCount "120"]
[EventDate "2022.11.30"]
[EventType "team-tourn"]
[EventRounds "11"]
[EventCountry "BAN"]
[SourceTitle "CBM 211 Extra"]
[Source "ChessBase"]
[SourceDate "2023.01.31"]
[SourceVersion "1"]
[SourceVersionDate "2023.01.31"]
[SourceQuality "1"]
[WhiteTeam "Sheikh Russel"]
[BlackTeam "SAIF Sporting Club"]
[WhiteTeamCountry "BAN"]
[BlackTeamCountry "BAN"]

1. d4 Nf6 2. Nf3 e6 3. Bf4 b6 4. Nbd2 Bb7 5. e3 g6 6. h3 Bg7 7. Bd3 0-0 8. 0-0 d6 9. c3 Nbd7 10. Bh2 Qe7 11. Qe2 a6 12. e4 e5 13. dxe5 dxe5 14. Rfd1 Nh5 15. a4 Nf4 16. Bxf4 exf4 17. Bc4 Nc5 18. Re1 Rad8 19. e5 a5 20. Nd4 Kh8 21. N2f3 f6 22. b4 Ne4 23. Qc2 Nxc3 24. Qxc3 fxe5 25. Ne6 axb4 26. Qb3 Bxf3 27. gxf3 e4 28. Nxd8 Qxd8 29. Rad1 Qg5+ 30. Kh2 e3 31. Rg1 Qh4 32. Qc2 c5 33. Rg4 Qe7 34. Qe4 Qxe4 35. fxe4 b3 36. Kg2 f3+ 37. Kh1 e2 38. Rb1 b2 39. e5 Bxe5 40. Re4 Bd4 41. Kg1 Rf5 42. h4 Re5 43. Rxe5 Bxe5 44. Bd5 Bc3 45. Bxf3 e1Q+ 46. Rxe1 Bxe1 47. Be4 Kg7 48. Kg2 Kf6 49. Kf1 Ke5 50. Bb1 Bc3 51. Ke2 Kf4 52. h5 gxh5 53. Bxh7 h4 54. Kf1 Bd4 55. Kg2 c4 56. Bc2 Bxf2 57. Kxf2 h3 58. Bb1 c3 59. Bg6 h2 60. Kg2 Ke5 0-1

[Event "BAN-chB 47th"]
[Site "Dhaka"]
[Date "2022.10.30"]
[Round "4"]
[White "Md Jamal, Uddin"]
[Black "Shafiqul, Islam2222"]
[Result "0-1"]
[WhiteElo "2092"]
[BlackElo "1846"]
[PlyCount "70"]
[EventDate "2022.10.27"]
[EventType "swiss"]
[EventRounds "11"]
[EventCountry "BAN"]
[SourceTitle "EXT 2024"]
[Source "ChessBase"]
[SourceDate "2023.10.10"]
[SourceVersion "1"]
[SourceVersionDate "2023.10.10"]
[SourceQuality "1"]

1. c4 Nf6 2. Nc3 g6 3. e4 d6 4. d4 Bg7 5. f3 0-0 6. Be3 e5 7. d5 c5 8. dxc6 bxc6 9. Qd2 Qc7 10. g4 Rd8 11. Bg5 Be6 12. Rc1 Nbd7 13. Nd5 Qb7 14. Ne7+ Kh8 15. Nf5 gxf5 16. gxf5 d5 17. fxe6 fxe6 18. Nh3 dxe4 19. Rg1 Nc5 20. Qf2 Nd3+ 21. Bxd3 Rxd3 22. Bxf6 Bxf6 23. fxe4 Qe7 24. Qg2 Qb4+ 25. Kf1 Rd2 26. Nf2 Qxb2 27. Rd1 Qxa2 28. Rxd2 Qxd2 29. Qf3 Qf4 30. Ke2 Rd8 31. Rd1 Rxd1 32. Nxd1 Qxh2+ 33. Kd3 Qf4 34. Qh5 Qg5 35. Qe8+ Kg7 0-1

[Event "Dhaka Marcel op"]
[Site "Dhaka"]
[Date "2022.04.26"]
[Round "8"]
[White "Md Jamal, Uddin"]
[Black "Mukitul, Islam Ripon"]
[Result "0-1"]
[WhiteElo "2106"]
[BlackElo "1932"]
[PlyCount "144"]
[EventDate "2022.04.19"]
[EventType "swiss"]
[EventRounds "9"]
[EventCountry "BAN"]
[SourceTitle "EXT 2023"]
[Source "ChessBase"]
[SourceDate "2022.10.05"]
[SourceVersion "1"]
[SourceVersionDate "2022.10.05"]
[SourceQuality "1"]

1. d4 d5 2. Bf4 Bf5 3. e3 e6 4. Nd2 Bd6 5. Bxd6 Qxd6 6. c4 c6 7. Qb3 Qe7 8. Ngf3 h6 9. Be2 Nf6 10. Ne5 0-0 11. 0-0 Qc7 12. Rac1 Nbd7 13. f4 Rab8 14. Bf3 Qd6 15. g4 Bh7 16. h4 Ne4 17. Nxe4 dxe4 18. Bg2 f6 19. c5 Qe7 20. Nxd7 Qxd7 21. f5 Qd5 22. Rf4 exf5 23. gxf5 Kh8 24. Bxe4 Qd8 25. Qc2 Re8 26. Qg2 Qe7 27. Re1 Rbd8 28. b3 Qc7 29. Qg3 Rxe4 30. Kh2 Rde8 31. Rxe4 Qxg3+ 32. Kxg3 Rxe4 33. Kf3 Bxf5 34. h5 Kg8 35. b4 a6 36. a4 Kf7 37. Ra1 Rh4 38. b5 Rxh5 39. e4 Bc8 40. bxc6 bxc6 41. Rb1 Ke7 42. Rb6 Kd7 43. Kf4 Kc7 44. a5 Rh4+ 45. Ke3 Rh3+ 46. Kd2 Ra3 47. d5 cxd5 48. exd5 Rxa5 49. Rc6+ Kb7 50. Kc3 Bd7 51. Rb6+ Ka7 52. Kd4 Ra4+ 53. Ke3 Rc4 54. Rd6 Bc8 55. c6 a5 56. Rd7+ Kb6 57. Rxg7 h5 58. Rg8 Bg4 59. Kd3 Rc1 60. Kd4 Rd1+ 61. Ke4 a4 62. Ra8 Ra1 63. Rb8+ Kc7 64. Rb7+ Kd6 65. Rf7 a3 66. Rxf6+ Ke7 67. Rg6 a2 68. d6+ Kf7 69. Rxg4 hxg4 70. c7 Re1+ 71. Kf4 a1Q 72. c8Q Qe5+ 0-1

[Event "BAN-chB 46th"]
[Site "Dhaka"]
[Date "2021.12.17"]
[Round "3"]
[White "Sakline Mostafa, Sajid"]
[Black "Md Jamal, Uddin"]
[Result "1-0"]
[WhiteElo "1962"]
[BlackElo "2053"]
[PlyCount "119"]
[EventDate "2021.12.15"]
[EventType "swiss"]
[EventRounds "9"]
[EventCountry "BAN"]
[SourceTitle "CBM 206 Extra"]
[Source "ChessBase"]
[SourceDate "2022.03.31"]
[SourceVersion "1"]
[SourceVersionDate "2022.03.31"]
[SourceQuality "1"]

1. d4 d5 2. c4 c6 3. Nc3 Nf6 4. Nf3 dxc4 5. a4 Bf5 6. e3 e6 7. Bxc4 Bb4 8. 0-0 0-0 9. Qb3 Qe7 10. Bd2 a5 11. Rfe1 Nbd7 12. e4 Bg4 13. e5 Nd5 14. Ne4 N7b6 15. Bf1 Rad8 16. h3 Bf5 17. Nd6 Bg6 18. Rac1 Bxd2 19. Nxd2 Nb4 20. Rc5 N6d5 21. g3 f6 22. N2e4 f5 23. Nc3 b6 24. Nxd5 exd5 25. Rxc6 Nxc6 26. Qxd5+ Kh8 27. Qxc6 f4 28. Nb5 fxg3 29. fxg3 Rc8 30. Qg2 Qb4 31. Re3 Rc2 32. Re2 Rc1 33. Rf2 Bd3 34. Nd6 Rxf1+ 35. Qxf1 Qxd4 36. Qe1 h6 37. Kg2 Rxf2+ 38. Qxf2 Be4+ 39. Nxe4 Qxe4+ 40. Kh2 Qxe5 41. Qxb6 Qe2+ 42. Kg1 Qd1+ 43. Kh2 Qxa4 44. Qd8+ Kh7 45. Qd3+ Kg8 46. h4 Qb4 47. Qe2 g6 48. Kh3 h5 49. Kh2 Kf7 50. Qf3+ Ke6 51. Qc6+ Qd6 52. Qc4+ Qd5 53. Qa6+ Kf5 54. Qf1+ Ke4 55. Qe2+ Kd4 56. Qd2+ Ke5 57. Qg5+ Kd4 58. Qxg6 Qb5 59. Qf6+ Kd3 60. Qf1+ 1-0

[Event "Dhaka Sheikh Russel op"]
[Site "Dhaka"]
[Date "2021.10.21"]
[Round "3"]
[White "Md Jamal, Uddin"]
[Black "Nusrat Jahan, Alo"]
[Result "0-1"]
[WhiteElo "2048"]
[BlackElo "1711"]
[PlyCount "184"]
[EventDate "2021.10.19"]
[EventType "swiss"]
[EventRounds "9"]
[EventCountry "BAN"]
[SourceTitle "CBM 204 Extra"]
[Source "ChessBase"]
[SourceDate "2021.11.30"]
[SourceVersion "1"]
[SourceVersionDate "2021.11.30"]
[SourceQuality "1"]

1. Nf3 d5 2. d4 Nf6 3. c4 c6 4. e3 Bf5 5. Nc3 e6 6. Qb3 Qc7 7. Bd2 Nbd7 8. Rc1 Qb6 9. c5 Qc7 10. Be2 Be7 11. 0-0 Ng4 12. h3 h5 13. hxg4 hxg4 14. Ne5 f6 15. Bxg4 Nxe5 16. dxe5 Bxg4 17. f3 Bf5 18. Ne2 fxe5 19. Qa4 Bd3 20. Rf2 e4 21. f4 Bh4 22. g3 Bxe2 23. Rxe2 Bxg3 24. Rg2 Bh4 25. b4 a6 26. Qd1 Qf7 27. Qg4 Bf6 28. Be1 Ke7 29. Bc3 Rh7 30. Be5 Bxe5 31. fxe5 Rah8 32. Rgc2 Rh6 33. Qf4 Qg6+ 34. Rg2 Rh1+ 35. Kf2 Qf7 36. Rxh1 Rxh1 37. Ke2 Qh5+ 38. Kf2 Qf7 39. Ke2 Ra1 40. Qg5+ Ke8 41. Kd2 Rxa2+ 42. Kc3 Rxg2 43. Qxg2 g6 44. Qh3 Kd7 45. Kd4 Qg7 46. Qf1 g5 47. Qg2 g4 48. Qg3 Kc7 49. Kc3 Qh6 50. Qf2 Qg7 51. Qg3 b6 52. Kd4 a5 53. cxb6+ Kxb6 54. bxa5+ Kb5 55. Kc3 Kxa5 56. Qh2 g3 57. Qa2+ Kb6 58. Qb1+ Kc7 59. Kd4 Qe7 60. Qe1 c5+ 61. Kc3 Qg7 62. Kb3 Kc6 63. Qa1 c4+ 64. Kc2 Qb7 65. Qa4+ Kc7 66. Qe8 Qb3+ 67. Kc1 Qxe3+ 68. Kb2 Qd4+ 69. Kc2 Qxe5 70. Qe7+ Kc6 71. Qe8+ Kb6 72. Qd8+ Qc7 73. Qg8 Qd6 74. Kc3 e3 75. Qg4 d4+ 76. Kxc4 Qd5+ 77. Kb4 g2 78. Qg3 Kc6 79. Qg8 Qb5+ 80. Ka3 Qc5+ 81. Ka4 Qd5 82. Qa8+ Kc5 83. Qf8+ Qd6 84. Qg7 Kc4 85. Ka5 Qd5+ 86. Ka6 e2 87. Qc7+ Qc5 88. Qg3 Qc6+ 89. Ka7 d3 90. Qf4+ Kb3 91. Qg3 Kc2 92. Kb8 Qb6+ 0-1

[Event "Dhaka Sheikh Hasina op"]
[Site "Dhaka"]
[Date "2021.09.27"]
[Round "9"]
[White "Md Jamal, Uddin"]
[Black "Zia, Tahsin Tajwar"]
[Result "1/2-1/2"]
[WhiteElo "2054"]
[BlackElo "2229"]
[PlyCount "149"]
[EventDate "2021.09.19"]
[EventType "swiss"]
[EventRounds "9"]
[EventCountry "BAN"]
[SourceTitle "CBM 204 Extra"]
[Source "ChessBase"]
[SourceDate "2021.11.30"]
[SourceVersion "1"]
[SourceVersionDate "2021.11.30"]
[SourceQuality "1"]

1. c4 e6 2. Nf3 d5 3. e3 Nf6 4. b3 b6 5. Bb2 Bb7 6. Be2 Nbd7 7. 0-0 Bd6 8. d4 Ne4 9. Nbd2 0-0 10. Bd3 f5 11. Ne5 Bxe5 12. dxe5 Ndc5 13. Bc2 Nxd2 14. Qxd2 dxc4 15. Qxd8 Rfxd8 16. bxc4 Rd2 17. Rac1 Rad8 18. Bc3 Re2 19. Rfe1 Rxe1+ 20. Bxe1 a5 21. f3 Ba6 22. Bb1 Bxc4 23. Bxa5 Bd3 24. Bb4 Bxb1 25. Rxb1 Nd3 26. Bc3 Rd5 27. Rd1 Nf4 28. Rxd5 Nxd5 29. Bd2 Kf7 30. Kf1 Ke8 31. Ke2 Kd7 32. Kd3 Kc6 33. e4 fxe4+ 34. Kxe4 Kb5 35. f4 g6 36. g4 Ne7 37. Be1 Kc4 38. Bh4 Nc6 39. f5 gxf5+ 40. gxf5 exf5+ 41. Kxf5 Kd5 42. Bg3 Nd4+ 43. Kf6 c5 44. h4 h5 45. Bf2 Ne6 46. a4 Nf8 47. Kf5 Ne6 48. Be3 Nc7 49. Bg5 Ne6 50. Bd2 Nc7 51. Bg5 Ne6 52. Be7 Nd4+ 53. Kf6 Ne6 54. Bd6 c4 55. Bb4 Nf4 56. a5 bxa5 57. Bxa5 Ne6 58. Bc3 Nc5 59. Kf5 Ne4 60. Bb4 Ng3+ 61. Kf6 Ne4+ 62. Kf5 Ng3+ 63. Kf4 Ne2+ 64. Ke3 Nc1 65. Bc3 Nd3 66. e6 Kxe6 67. Kd4 Ne5 68. Kc5 Ng6 69. Kxc4 Nxh4 70. Kd4 Kf5 71. Ke3 Kg4 72. Kf2 Nf3 73. Bf6 Nd2 74. Kg2 Ne4 75. Bd8 1/2-1/2

[Event "Dhaka Sheikh Hasina op"]
[Site "Dhaka"]
[Date "2021.09.21"]
[Round "3"]
[White "Md Jamal, Uddin"]
[Black "Noshin, Anjum"]
[Result "0-1"]
[WhiteElo "2054"]
[BlackElo "2004"]
[PlyCount "108"]
[EventDate "2021.09.19"]
[EventType "swiss"]
[EventRounds "9"]
[EventCountry "BAN"]
[SourceTitle "CBM 204 Extra"]
[Source "ChessBase"]
[SourceDate "2021.11.30"]
[SourceVersion "1"]
[SourceVersionDate "2021.11.30"]
[SourceQuality "1"]

1. d4 d5 2. c4 c6 3. cxd5 cxd5 4. Bf4 Nf6 5. Nc3 e6 6. e3 Nc6 7. Nf3 a6 8. Bd3 Be7 9. h3 0-0 10. Rc1 b6 11. 0-0 Bb7 12. a3 h6 13. Bb1 Bd6 14. Ne5 Qb8 15. Na4 Nxe5 16. dxe5 Bxe5 17. Bxe5 Qxe5 18. Nxb6 Rad8 19. Qc2 d4 20. Qc7 Qxc7 21. Rxc7 dxe3 22. fxe3 Rb8 23. Nd7 Nxd7 24. Rxd7 Bd5 25. e4 Bc4 26. Rf2 Bb5 27. Rc7 Rbc8 28. Rxc8 Rxc8 29. Bc2 Rd8 30. a4 Bc6 31. Re2 Rd4 32. b3 Kf8 33. Kf2 Ke7 34. Ke3 Rb4 35. Kd3 a5 36. Kc3 e5 37. Bd3 Rd4 38. Kd2 f5 39. Kc3 fxe4 40. Bc4 Kd6 41. Rf2 e3 42. Rf7 Bd5 43. Rf1 Bxc4 44. bxc4 Kc5 45. Rf5 Re4 46. Rf1 e2 47. Re1 Rxc4+ 48. Kd3 Rd4+ 49. Ke3 Kd5 50. Kf3 Re4 51. g3 Kd4 52. h4 Kd3 53. h5 Re3+ 54. Kf2 Kd2 0-1

[Event "Dhaka Sheikh Hasina op"]
[Site "Dhaka"]
[Date "2021.09.20"]
[Round "2"]
[White "Wadifa, Ahmed"]
[Black "Md Jamal, Uddin"]
[Result "1/2-1/2"]
[WhiteElo "1724"]
[BlackElo "2054"]
[PlyCount "141"]
[EventDate "2021.09.19"]
[EventType "swiss"]
[EventRounds "9"]
[EventCountry "BAN"]
[SourceTitle "CBM 204 Extra"]
[Source "ChessBase"]
[SourceDate "2021.11.30"]
[SourceVersion "1"]
[SourceVersionDate "2021.11.30"]
[SourceQuality "1"]

1. e4 c5 2. Nf3 e6 3. d4 cxd4 4. Nxd4 a6 5. Bd3 Qc7 6. 0-0 Nf6 7. Qe2 d6 8. Kh1 g6 9. f4 Bg7 10. f5 0-0 11. Bg5 Nc6 12. Nxc6 bxc6 13. Nd2 Bb7 14. Rae1 a5 15. fxe6 fxe6 16. Bxf6 Bxf6 17. Qg4 Rae8 18. e5 Bxe5 19. Rxf8+ Rxf8 20. Qxe6+ Kh8 21. Qh3 Bc8 22. Qe3 Qg7 23. c3 Bf4 24. Qe2 Qh6 25. Nf3 Bg4 26. Qc2 Qh5 27. Rf1 d5 28. h3 Bd6 29. Nd4 Rxf1+ 30. Bxf1 Bd1 31. Qf2 Qe5 32. Nf3 Bxf3 33. gxf3 c5 34. Qe2 Qf4 35. Kg1 d4 36. cxd4 cxd4 37. Bg2 Bc5 38. Qd3 Qc1+ 39. Bf1 Qxb2 40. Qc4 Qc3 41. Kg2 Qd2+ 42. Be2 Qg5+ 43. Kf1 Kg7 44. Bd3 Qe3 45. Kg2 Qd2+ 46. Kf1 Qe3 47. Kg2 Bd6 48. Be4 Qd2+ 49. Kf1 Kh6 50. Qe2 Qc1+ 51. Kg2 Bf4 52. Qc2 Qe1 53. Qf2 Qd2 54. Qxd2 Bxd2 55. Kf2 Kg5 56. Ke2 Be3 57. Bd5 Kf6 58. Bc6 Ke5 59. a4 Kf4 60. Bd7 d3+ 61. Kxd3 Kxf3 62. Be6 Bb6 63. Bg8 h6 64. Bf7 Kg3 65. Bxg6 Kxh3 66. Ke2 Kg4 67. Kf1 h5 68. Kg2 h4 69. Be8 h3+ 70. Kh1 Kg3 71. Bd7 1/2-1/2

[Event "Titled Tuesday intern op 07th Sept"]
[Site "Chess.com INT"]
[Date "2021.09.07"]
[Round "1"]
[White "Md Jamal, Uddin"]
[Black "Astafurov, Arseniy"]
[Result "1-0"]
[WhiteElo "2054"]
[BlackElo "2263"]
[PlyCount "49"]
[EventDate "2021.09.07"]
[EventType "swiss (blitz)"]
[EventRounds "11"]
[EventCountry "USA"]
[SourceTitle "EXT 2022"]
[Source "ChessBase"]
[SourceDate "2021.10.06"]
[SourceVersion "1"]
[SourceVersionDate "2021.10.06"]
[SourceQuality "1"]

1. e4 c5 2. Nf3 e6 3. d4 cxd4 4. Nxd4 Nc6 5. Nc3 Qc7 6. Be3 a6 7. g3 Nf6 8. Bg2 h5 9. h3 d6 10. 0-0 Be7 11. f4 Bd7 12. Qd2 Nxd4 13. Bxd4 Bc6 14. Rae1 b5 15. Qf2 Qb7 16. a3 a5 17. e5 dxe5 18. fxe5 Bxg2 19. exf6 Bxf1 20. fxg7 Rg8 21. Rxf1 f5 22. Qe2 h4 23. Qxe6 Rxg7 24. Bxg7 hxg3 25. Nd5 1-0

[Event "Titled Tuesday intern op 17th Aug"]
[Site "Chess.com INT"]
[Date "2021.08.17"]
[Round "8"]
[White "Ashiev, Eduard"]
[Black "Md Jamal, Uddin"]
[Result "0-1"]
[WhiteElo "2202"]
[BlackElo "2054"]
[PlyCount "74"]
[EventDate "2021.08.17"]
[EventType "swiss (blitz)"]
[EventRounds "11"]
[EventCountry "USA"]
[SourceTitle "EXT 2022"]
[Source "ChessBase"]
[SourceDate "2021.10.06"]
[SourceVersion "1"]
[SourceVersionDate "2021.10.06"]
[SourceQuality "1"]

1. d4 Nf6 2. Nf3 d6 3. c4 Bg4 4. Nbd2 Nbd7 5. e3 e5 6. Be2 Be7 7. 0-0 c6 8. b3 0-0 9. Bb2 Qc7 10. Rc1 Rfd8 11. d5 Nc5 12. h3 Bf5 13. g4 Bd3 14. b4 Bxe2 15. Qxe2 Na4 16. Ba1 c5 17. a3 a6 18. Nb3 Nd7 19. Nfd2 Rf8 20. Qd3 g6 21. f4 f5 22. e4 fxg4 23. hxg4 exf4 24. e5 Nxe5 25. Bxe5 dxe5 26. Ne4 cxb4 27. d6 Bxd6 28. Qxd6 Qxd6 29. Nxd6 bxa3 30. c5 Rad8 31. Rfd1 f3 32. Kf2 Nb2 33. Rd5 e4 34. Nd4 Nd3+ 35. Ke3 Nxc1 36. Ne6 f2 37. Nxf8 f1Q 0-1